[Event "WCO2014"]
[Site "Tromso"]
[Date "2014.08.05"]
[Round "4.28"]
[WhiteID "19700261"]
[White "Drayton Anthony"]
[BlackID "20300018"]
[Black "Ndikumana Yves"]
[Result "1-0"]
[LiveChessVersion "1.4.3"]
[BlackElo "2030"]
[WhiteElo "1828"]

1. e4 {[%clk 1:30:58]} c5 {[%clk 1:30:53]} 2. Nf3 {[%clk 1:31:15]} Nc6
{[%clk 1:31:11]} 3. d4 {[%clk 1:31:27]} cxd4 {[%clk 1:31:38]} 4. Nxd4
{[%clk 1:31:49]} a6 {[%clk 1:31:43]} 5. Nc3 {[%clk 1:32:01]} e6 {[%clk 1:31:53]}
6. Be3 {[%clk 1:31:28]} Bb4 {[%clk 1:31:10]} 7. Nde2 {[%clk 1:30:18]} Nf6
{[%clk 1:30:23]} 8. a3 {[%clk 1:29:55]} Ba5 {[%clk 1:30:12]} 9. b4
{[%clk 1:25:01]} Bc7 {[%clk 1:29:32]} 10. Nd4 {[%clk 1:23:40]} O-O
{[%clk 1:28:33]} 11. Be2 {[%clk 1:23:53]} Ne5 {[%clk 1:27:37]} 12. f4
{[%clk 1:23:21]} Nc6 {[%clk 1:25:59]} 13. e5 {[%clk 1:23:00]} Nd5
{[%clk 1:24:40]} 14. Nxd5 {[%clk 1:23:11]} exd5 {[%clk 1:25:08]} 15. O-O
{[%clk 1:23:24]} d6 {[%clk 1:24:59]} 16. Nxc6 {[%clk 1:22:13]} bxc6
{[%clk 1:25:12]} 17. exd6 {[%clk 1:22:08]} Bxd6 {[%clk 1:24:59]} 18. c4
{[%clk 1:20:09]} Qe7 {[%clk 1:24:24]} 19. Bd4 {[%clk 1:18:38]} c5
{[%clk 1:22:39]} 20. bxc5 {[%clk 1:09:34]} Bxc5 {[%clk 1:23:06]} 21. Bf3
{[%clk 1:09:52]} Bb7 {[%clk 1:20:26]} 22. Re1 {[%clk 1:07:43]} Qd6
{[%clk 1:19:51]} 23. Kh1 {[%clk 1:07:36]} Rfe8 {[%clk 1:12:33]} 24. Bxc5
{[%clk 1:06:20]} Qxc5 {[%clk 1:12:40]} 25. Qb3 {[%clk 1:06:24]} Bc6
{[%clk 1:05:52]} 26. cxd5 {[%clk 1:06:35]} Bb5 {[%clk 1:05:42]} 27. Qb4
{[%clk 1:01:54]} Qxb4 {[%clk 0:58:18]} 28. axb4 {[%clk 1:02:22]} Rac8
{[%clk 0:57:51]} 29. Kg1 {[%clk 1:01:13]} f5 {[%clk 0:54:40]} 30. Re5
{[%clk 0:57:52]} g6 {[%clk 0:55:05]} 31. Rae1 {[%clk 0:57:58]} Kf7
{[%clk 0:53:59]} 32. d6 {[%clk 0:57:39]} Rxe5 {[%clk 0:47:56]} 33. Rxe5
{[%clk 0:57:55]} Rd8 {[%clk 0:45:35]} 34. Bd5+ {[%clk 0:57:09]} Kg7
{[%clk 0:44:14]} 35. Re6 {[%clk 0:55:32]} Bd7 {[%clk 0:38:04]} 36. Re7+
{[%clk 0:55:20]} Kh6 {[%clk 0:38:00]} 37. Bc4 {[%clk 0:54:29]} Bc6
{[%clk 0:34:30]} 38. Bxa6 {[%clk 0:54:24]} Rxd6 {[%clk 0:34:34]} 39. b5
{[%clk 0:54:52]} Be4 {[%clk 0:34:30]} 40. g4 {[%clk 0:50:20]} Rd1+
{[%clk 0:30:53]} 41. Kf2 {[%clk 0:50:50]} Rd2+ {[%clk 0:30:43]} 42. Ke3
{[%clk 0:51:18]} Rxh2 {[%clk 0:29:55]} 1-0

[Event "WCO2014"]
[Site "Tromso"]
[Date "2014.08.05"]
[Round "4.26"]
[WhiteID "19700202"]
[White "Su Haifeng"]
[BlackID "20300034"]
[Black "Ntagasigumwami Deo"]
[Result "1-0"]
[LiveChessVersion "1.4.3"]
[BlackElo "1817"]
[WhiteElo "1724"]

1. e4 {[%clk 1:30:59]} c5 {[%clk 1:30:32]} 2. Nf3 {[%clk 1:31:27]} Nc6
{[%clk 1:30:30]} 3. d4 {[%clk 1:31:53]} cxd4 {[%clk 1:30:08]} 4. Nxd4
{[%clk 1:32:18]} Nxd4 5. Qxd4 Qb6 {[%clk 1:28:03]} 6. Qxb6 {[%clk 1:32:15]} axb6
{[%clk 1:28:30]} 7. Be3 {[%clk 1:32:42]} Nf6 {[%clk 1:24:57]} 8. Nc3
{[%clk 1:32:21]} e6 {[%clk 1:22:28]} 9. Bxb6 {[%clk 1:31:49]} Bb4
{[%clk 1:20:45]} 10. Bd3 {[%clk 1:27:59]} O-O {[%clk 1:16:38]} 11. Bd4
{[%clk 1:26:45]} Ng4 {[%clk 1:14:24]} 12. O-O {[%clk 1:24:51]} e5
{[%clk 1:12:03]} 13. Nd5 {[%clk 1:24:20]} exd4 {[%clk 1:08:12]} 14. Nxb4
{[%clk 1:22:01]} d6 {[%clk 1:03:26]} 15. h3 {[%clk 1:15:51]} Ne5 {[%clk 0:58:56]}
16. f4 {[%clk 1:15:47]} Nc6 17. Nd5 {[%clk 1:15:31]} Be6 {[%clk 0:57:55]} 18. Nc7
{[%clk 1:11:58]} Ra5 {[%clk 0:55:04]} 19. Nxe6 {[%clk 1:11:47]} fxe6
{[%clk 0:47:11]} 20. Bc4 Re8 21. f5 {[%clk 1:11:25]} d5 {[%clk 0:46:23]} 22. exd5
{[%clk 1:11:22]} exd5 {[%clk 0:46:50]} 23. Bb3 {[%clk 1:11:26]} Rc5
{[%clk 0:40:21]} 24. a3 {[%clk 1:10:41]} Na5 {[%clk 0:39:51]} 25. Ba4
{[%clk 1:09:25]} Re2 {[%clk 0:32:14]} 26. b4 {[%clk 1:09:33]} Rc4
{[%clk 0:30:05]} 27. Bb5 {[%clk 1:09:36]} Nc6 {[%clk 0:28:41]} 28. Bxc4
{[%clk 1:08:06]} dxc4 {[%clk 0:28:54]} 29. Rf2 {[%clk 1:08:12]} Re3
{[%clk 0:26:29]} 30. Kf1 {[%clk 1:06:59]} Kf7 {[%clk 0:25:48]} 31. Rf3
{[%clk 1:06:57]} Rxf3+ {[%clk 0:23:33]} 32. gxf3 {[%clk 1:07:26]} b5
{[%clk 0:19:30]} 33. Re1 {[%clk 1:07:42]} c3 {[%clk 0:17:03]} 34. Re6
{[%clk 1:07:32]} Ne7 {[%clk 0:16:02]} 35. Ke2 {[%clk 1:05:40]} Nxf5
{[%clk 0:14:59]} 36. Re5 {[%clk 1:05:47]} Ne3 {[%clk 0:08:21]} 37. Rxe3
{[%clk 1:00:34]} dxe3 {[%clk 0:08:49]} 38. Kxe3 {[%clk 1:01:03]} Ke6
{[%clk 0:08:31]} 39. Kd4 {[%clk 1:01:28]} Kd6 {[%clk 0:08:12]} 40. Kxc3
{[%clk 1:01:49]} Ke5 41. Kd3 Kd5 {[%clk 0:04:43]} 42. c4+ {[%clk 1:01:50]} Kc6
{[%clk 0:03:03]} 43. cxb5+ {[%clk 1:02:13]} Kxb5 {[%clk 0:03:19]} 44. Kd4
{[%clk 1:02:17]} Kc6 {[%clk 0:03:17]} 45. a4 {[%clk 1:02:46]} Kb6
{[%clk 0:02:41]} 46. Kd5 {[%clk 1:03:11]} Kc7 {[%clk 0:02:33]} 47. a5
{[%clk 1:02:42]} Kb7 {[%clk 0:02:38]} 48. Kd6 {[%clk 1:02:01]} g5
{[%clk 0:01:30]} 49. b5 {[%clk 1:02:13]} h6 {[%clk 0:01:13]} 50. a6+
{[%clk 1:01:54]} 1-0

[Event "WCO2014"]
[Site "Tromso"]
[Date "2014.08.05"]
[Round "4.24"]
[WhiteID "16700031"]
[White "Ahmed Ashraf"]
[BlackID "2700093"]
[Black "Lettsome Maurice"]
[Result "1-0"]
[LiveChessVersion "1.4.3"]
[BlackElo "1783"]
[WhiteElo "1817"]

1. e4 {[%clk 1:30:57]} c5 {[%clk 1:30:52]} 2. Nf3 {[%clk 1:31:20]} Nc6
{[%clk 1:31:15]} 3. Nc3 {[%clk 1:31:48]} Nf6 {[%clk 1:31:26]} 4. d4
{[%clk 1:31:58]} cxd4 {[%clk 1:31:48]} 5. Nxd4 {[%clk 1:32:26]} a6
{[%clk 1:31:44]} 6. Nxc6 {[%clk 1:31:09]} bxc6 {[%clk 1:31:56]} 7. e5
{[%clk 1:31:03]} Ng8 {[%clk 1:31:59]} 8. Bc4 {[%clk 1:31:13]} e6 {[%clk 1:32:04]}
9. O-O {[%clk 1:31:22]} d5 {[%clk 1:29:55]} 10. exd6 {[%clk 1:31:16]} Bxd6
{[%clk 1:29:18]} 11. Qg4 {[%clk 1:30:35]} Be5 {[%clk 1:24:08]} 12. Bg5
{[%clk 1:26:29]} Qc7 {[%clk 1:14:05]} 13. Rad1 {[%clk 1:19:35]} Nf6
{[%clk 1:08:01]} 14. Bxf6 {[%clk 1:18:29]} Bxf6 {[%clk 1:08:01]} 15. Ne4
{[%clk 1:16:40]} Be5 {[%clk 1:03:34]} 16. f4 {[%clk 1:09:34]} f5 {[%clk 0:58:41]}
17. Qh4 {[%clk 1:04:33]} fxe4 {[%clk 0:50:14]} 18. fxe5 {[%clk 1:04:56]} Qe7
{[%clk 0:50:10]} 19. Qxe4 {[%clk 1:04:36]} Qc5+ {[%clk 0:43:54]} 20. Kh1
{[%clk 1:04:53]} Bd7 {[%clk 0:43:43]} 21. b4 {[%clk 1:04:59]} Qxb4
{[%clk 0:37:13]} 22. Rxd7 {[%clk 0:57:39]} 1-0

[Event "WCO2014"]
[Site "Tromso"]
[Date "2014.08.05"]
[Round "4.23"]
[WhiteID "2700085"]
[White "Christopher Art"]
[BlackID "16700058"]
[Black "Mohamed Hassan"]
[Result "0-1"]
[LiveChessVersion "1.4.3"]
[BlackElo "1830"]
[WhiteElo "1668"]

1. e4 {[%clk 1:30:57]} c6 {[%clk 1:30:50]} 2. d4 {[%clk 1:31:07]} d5
{[%clk 1:31:12]} 3. Nc3 {[%clk 1:30:36]} dxe4 {[%clk 1:31:27]} 4. Nxe4
{[%clk 1:30:54]} Nf6 {[%clk 1:31:39]} 5. Nxf6+ {[%clk 1:30:36]} exf6
{[%clk 1:31:56]} 6. Nf3 {[%clk 1:29:32]} Be6 {[%clk 1:32:00]} 7. Be2
{[%clk 1:28:39]} Bd6 {[%clk 1:32:02]} 8. O-O {[%clk 1:28:05]} O-O
{[%clk 1:32:22]} 9. b3 {[%clk 1:25:45]} Nd7 {[%clk 1:30:36]} 10. c4
{[%clk 1:24:11]} Re8 {[%clk 1:30:03]} 11. Be3 {[%clk 1:22:35]} Nf8
{[%clk 1:29:58]} 12. Qd2 {[%clk 1:22:01]} Rc8 {[%clk 1:29:56]} 13. Rfd1
{[%clk 1:17:01]} a6 {[%clk 1:28:07]} 14. a4 {[%clk 1:09:54]} Bg4 {[%clk 1:27:13]}
15. d5 {[%clk 1:08:38]} Qc7 {[%clk 1:25:51]} 16. c5 {[%clk 1:04:39]} Be5
{[%clk 1:18:20]} 17. d6 {[%clk 1:03:30]} Qd8 {[%clk 1:13:21]} 18. Rac1
{[%clk 0:59:42]} Be6 {[%clk 1:10:58]} 19. b4 {[%clk 0:58:57]} Nd7
{[%clk 1:08:25]} 20. Ne1 {[%clk 0:52:18]} f5 {[%clk 1:07:47]} 21. f4
{[%clk 0:46:33]} Bf6 {[%clk 1:07:25]} 22. Bf3 {[%clk 0:38:47]} Bb3
{[%clk 1:06:08]} 23. Nc2 {[%clk 0:32:56]} Bxa4 {[%clk 1:04:50]} 24. Re1
{[%clk 0:28:36]} Bb2 {[%clk 1:04:20]} 25. Rb1 {[%clk 0:28:27]} Qf6
{[%clk 1:04:16]} 26. Nd4 {[%clk 0:25:42]} Rxe3 {[%clk 1:02:29]} 27. Qxb2
{[%clk 0:22:56]} Rce8 {[%clk 1:01:31]} 28. Rxe3 {[%clk 0:21:49]} Rxe3
{[%clk 1:01:26]} 29. Qd2 {[%clk 0:22:13]} Re8 {[%clk 1:01:36]} 30. Re1
{[%clk 0:22:25]} Rxe1+ {[%clk 1:01:07]} 31. Qxe1 {[%clk 0:22:04]} Qxd4+
{[%clk 1:01:23]} 32. Kh1 {[%clk 0:22:27]} g6 {[%clk 1:00:59]} 33. Qe8+
{[%clk 0:21:46]} Kg7 {[%clk 1:01:17]} 34. h3 {[%clk 0:22:07]} Nf6
{[%clk 0:58:01]} 35. Qe7 {[%clk 0:19:39]} Qxb4 {[%clk 0:55:59]} 36. d7
{[%clk 0:14:37]} Nxd7 {[%clk 0:54:14]} 37. Qxd7 {[%clk 0:14:58]} Qxc5
{[%clk 0:54:26]} 38. Qxb7 {[%clk 0:14:31]} Qc1+ {[%clk 0:54:32]} 39. Kh2
{[%clk 0:14:47]} Qxf4+ {[%clk 0:54:39]} 40. Kh1 {[%clk 0:14:00]} Bb5
{[%clk 0:54:17]} 41. Bxc6 {[%clk 0:10:58]} Qc1+ {[%clk 0:54:31]} 42. Kh2
{[%clk 0:10:26]} Qxc6 {[%clk 0:54:45]} 43. Qe7 {[%clk 0:09:25]} Qd5
{[%clk 0:54:20]} 44. Qe3 {[%clk 0:08:48]} Bc6 {[%clk 0:54:21]} 45. Qc3+
{[%clk 0:08:16]} f6 {[%clk 0:54:37]} 46. Qb2 {[%clk 0:08:36]} 0-1

[Event "WCO2014"]
[Site "Tromso"]
[Date "2014.08.05"]
[Round "4.32"]
[WhiteID "4114310"]
[White "Obodchuk Andrei"]
[BlackID "4695330"]
[Black "Ferster Fabian"]
[Result "1-0"]
[LiveChessVersion "1.4.3"]
[BlackElo "2137"]
[WhiteElo "2372"]

1. d4 {[%clk 1:30:54]} d5 {[%clk 1:30:50]} 2. c4 {[%clk 1:31:21]} Nc6
{[%clk 1:31:10]} 3. Nc3 {[%clk 1:31:38]} dxc4 {[%clk 1:31:32]} 4. Nf3
{[%clk 1:32:01]} Nf6 {[%clk 1:31:55]} 5. Bg5 {[%clk 1:32:15]} h6 {[%clk 1:29:49]}
6. Bh4 {[%clk 1:32:38]} a6 {[%clk 1:30:14]} 7. e4 {[%clk 1:32:54]} b5
{[%clk 1:29:48]} 8. d5 {[%clk 1:31:28]} Nb4 {[%clk 1:25:24]} 9. a3
{[%clk 1:28:23]} Nd3+ {[%clk 1:25:40]} 10. Bxd3 {[%clk 1:28:46]} cxd3
{[%clk 1:26:04]} 11. Qxd3 {[%clk 1:28:58]} g5 {[%clk 0:54:41]} 12. Bg3
{[%clk 1:28:48]} Bg7 {[%clk 0:54:59]} 13. Be5 {[%clk 1:21:28]} O-O 14. O-O
{[%clk 1:20:11]} c5 {[%clk 0:37:24]} 15. b4 g4 {[%clk 0:27:12]} 16. Nh4
{[%clk 1:14:23]} c4 {[%clk 0:23:13]} 17. Qd4 {[%clk 1:11:00]} Nh5
{[%clk 0:18:38]} 18. Bxg7 {[%clk 1:00:22]} Nxg7 {[%clk 0:19:02]} 19. Qe3
{[%clk 0:58:18]} Kh7 {[%clk 0:16:15]} 20. g3 {[%clk 0:54:55]} f5 {[%clk 0:10:35]}
21. e5 {[%clk 0:49:53]} e6 {[%clk 0:09:50]} 22. Rad1 {[%clk 0:48:33]} Bb7
{[%clk 0:06:49]} 23. dxe6 {[%clk 0:46:27]} f4 {[%clk 0:03:22]} 24. Qe2
{[%clk 0:41:59]} f3 {[%clk 0:02:13]} 25. Qc2+ {[%clk 0:42:22]} 1-0

[Event "WCO2014"]
[Site "Tromso"]
[Date "2014.08.05"]
[Round "4.30"]
[WhiteID "4135164"]
[White "Vodyasov Evgeny"]
[BlackID "12000027"]
[Black "Frick Renato"]
[Result "1-0"]
[LiveChessVersion "1.4.3"]
[BlackElo "2057"]
[WhiteElo "2226"]

1. d4 {[%clk 1:30:56]} c5 {[%clk 1:30:47]} 2. e3 {[%clk 1:31:12]} d5
{[%clk 1:31:08]} 3. Nf3 {[%clk 1:31:34]} Nf6 {[%clk 1:31:17]} 4. Be2
{[%clk 1:31:44]} Nc6 {[%clk 1:31:33]} 5. O-O {[%clk 1:32:06]} e6 {[%clk 1:30:48]}
6. b3 {[%clk 1:32:14]} Bd6 {[%clk 1:30:13]} 7. Bb2 {[%clk 1:32:33]} O-O
{[%clk 1:30:14]} 8. Nbd2 {[%clk 1:32:20]} Qe7 {[%clk 1:27:20]} 9. Ne5
{[%clk 1:30:15]} Nd7 {[%clk 1:23:55]} 10. Ndf3 {[%clk 1:22:42]} f6
{[%clk 1:17:52]} 11. Nxc6 {[%clk 1:21:45]} bxc6 {[%clk 1:18:14]} 12. c4
{[%clk 1:22:08]} Bb7 {[%clk 1:15:25]} 13. Qc2 {[%clk 1:19:18]} e5
{[%clk 1:04:28]} 14. dxe5 {[%clk 1:16:38]} fxe5 {[%clk 1:00:25]} 15. e4
{[%clk 1:15:42]} d4 {[%clk 0:50:17]} 16. Ne1 {[%clk 1:15:22]} Rf7
{[%clk 0:49:36]} 17. g3 {[%clk 1:10:07]} Nf8 {[%clk 0:49:30]} 18. f3
{[%clk 1:08:55]} Ne6 {[%clk 0:43:46]} 19. Rf2 {[%clk 0:58:37]} Raf8
{[%clk 0:39:58]} 20. Bf1 {[%clk 0:52:36]} Bc8 {[%clk 0:29:46]} 21. Bg2
{[%clk 0:50:43]} h6 {[%clk 0:23:12]} 22. Nd3 {[%clk 0:49:30]} Bc7
{[%clk 0:14:58]} 23. Qe2 {[%clk 0:49:13]} g5 {[%clk 0:11:14]} 24. Bh3
{[%clk 0:45:24]} Nf4 {[%clk 0:06:44]} 25. gxf4 {[%clk 0:44:32]} Bxh3
{[%clk 0:07:04]} 26. fxe5 {[%clk 0:43:53]} Re8 {[%clk 0:02:31]} 27. Ba3
{[%clk 0:41:58]} Bb6 {[%clk 0:01:38]} 28. Kh1 {[%clk 0:41:13]} Kh7
{[%clk 0:02:00]} 29. Rg1 {[%clk 0:41:13]} Rg8 {[%clk 0:01:38]} 30. f4
{[%clk 0:36:26]} gxf4 {[%clk 0:00:41]} 31. Rxg8 {[%clk 0:36:38]} Kxg8
{[%clk 0:01:01]} 32. Qh5 {[%clk 0:36:57]} 1-0

[Event "WCO2014"]
[Site "Tromso"]
[Date "2014.08.05"]
[Round "4.29"]
[WhiteID "12000078"]
[White "Guller Andras"]
[BlackID "307440"]
[Black "Valenta Vit"]
[Result "0-1"]
[LiveChessVersion "1.4.3"]
[BlackElo "2132"]
[WhiteElo "2042"]

1. e4 {[%clk 1:30:50]} e5 {[%clk 1:30:51]} 2. Nf3 {[%clk 1:30:22]} Nc6
{[%clk 1:31:13]} 3. Bb5 {[%clk 1:31:13]} a6 {[%clk 1:31:38]} 4. Ba4
{[%clk 1:31:34]} Nf6 {[%clk 1:32:00]} 5. O-O {[%clk 1:31:32]} Be7
{[%clk 1:32:14]} 6. Re1 {[%clk 1:31:28]} b5 {[%clk 1:32:35]} 7. Bb3
{[%clk 1:31:47]} O-O {[%clk 1:33:01]} 8. d3 {[%clk 1:28:27]} d6 {[%clk 1:33:10]}
9. c3 {[%clk 1:25:49]} Na5 {[%clk 1:33:12]} 10. Bc2 {[%clk 1:26:06]} c5
{[%clk 1:33:29]} 11. Nbd2 {[%clk 1:23:46]} g6 {[%clk 1:32:41]} 12. Nf1
{[%clk 1:21:02]} Nh5 {[%clk 1:31:49]} 13. Bh6 {[%clk 1:16:00]} Re8
{[%clk 1:29:15]} 14. Ne3 {[%clk 1:08:42]} Bf8 {[%clk 1:24:28]} 15. Bxf8
{[%clk 1:05:03]} Kxf8 {[%clk 1:24:00]} 16. d4 {[%clk 0:59:49]} Bb7
{[%clk 1:21:13]} 17. dxc5 {[%clk 0:50:58]} dxc5 {[%clk 1:21:11]} 18. Qxd8
{[%clk 0:50:24]} Raxd8 {[%clk 1:21:25]} 19. Red1 {[%clk 0:50:33]} f6
{[%clk 1:17:11]} 20. Ne1 {[%clk 0:48:30]} Nf4 {[%clk 1:13:35]} 21. f3
{[%clk 0:46:30]} Bc6 {[%clk 1:06:48]} 22. g3 {[%clk 0:42:59]} Ne6
{[%clk 1:05:47]} 23. Kf2 {[%clk 0:36:17]} b4 {[%clk 0:55:34]} 24. Nd3
{[%clk 0:31:18]} bxc3 {[%clk 0:50:16]} 25. bxc3 {[%clk 0:31:35]} Bb5
{[%clk 0:48:08]} 26. a4 {[%clk 0:28:32]} Bc6 {[%clk 0:43:15]} 27. Rab1
{[%clk 0:27:34]} Rb8 {[%clk 0:39:43]} 28. Ke2 {[%clk 0:26:08]} Kf7
{[%clk 0:38:18]} 29. h3 {[%clk 0:22:55]} Red8 {[%clk 0:33:18]} 30. h4
{[%clk 0:22:32]} h5 {[%clk 0:31:51]} 31. Rh1 {[%clk 0:20:29]} Ke7
{[%clk 0:27:52]} 32. Rhd1 {[%clk 0:20:22]} Ba8 {[%clk 0:22:38]} 33. Kf2
{[%clk 0:19:06]} Rxb1 {[%clk 0:20:04]} 34. Bxb1 {[%clk 0:16:32]} Bc6
{[%clk 0:16:34]} 35. Bc2 {[%clk 0:16:42]} Rb8 {[%clk 0:16:16]} 36. Ra1
{[%clk 0:13:26]} Rb7 {[%clk 0:13:19]} 37. Ke2 {[%clk 0:13:08]} Nb3
{[%clk 0:11:42]} 38. Ra3 {[%clk 0:13:02]} Na5 {[%clk 0:10:57]} 39. Ra1
{[%clk 0:13:03]} Kf7 {[%clk 0:10:37]} 40. Ra3 {[%clk 0:12:16]} Be8
{[%clk 0:10:24]} 41. Ra1 {[%clk 0:11:56]} Bc6 {[%clk 0:08:20]} 42. Ra3
{[%clk 0:09:22]} Rb6 {[%clk 0:08:22]} 43. Ra1 {[%clk 0:09:06]} c4
{[%clk 0:06:27]} 44. Nb4 {[%clk 0:09:18]} Nc5 {[%clk 0:06:45]} 45. Nxc6
{[%clk 0:07:24]} Rxc6 {[%clk 0:06:56]} 46. Nd5 {[%clk 0:06:52]} Nab3
{[%clk 0:06:51]} 47. Rb1 {[%clk 0:03:38]} a5 {[%clk 0:06:26]} 48. f4
{[%clk 0:26:52]} exf4 {[%clk 0:36:19]} 49. gxf4 {[%clk 0:27:03]} Re6
{[%clk 0:36:07]} 50. Nc7 {[%clk 0:26:37]} Re7 {[%clk 0:35:17]} 51. Nd5
{[%clk 0:26:53]} Rb7 {[%clk 0:33:24]} 52. Ne3 {[%clk 0:26:41]} Nxa4
{[%clk 0:33:22]} 53. Nxc4 {[%clk 0:26:25]} Nxc3+ {[%clk 0:32:47]} 54. Kf2
{[%clk 0:26:38]} Nxb1 {[%clk 0:31:33]} 55. Nd6+ {[%clk 0:26:59]} Ke6
{[%clk 0:31:42]} 56. Nxb7 {[%clk 0:27:21]} N1d2 {[%clk 0:31:54]} 57. Ke2
{[%clk 0:24:54]} a4 {[%clk 0:31:18]} 58. Nc5+ {[%clk 0:24:18]} Nxc5
{[%clk 0:30:23]} 59. Kxd2 {[%clk 0:24:40]} a3 {[%clk 0:24:33]} 60. f5+
{[%clk 0:20:43]} gxf5 {[%clk 0:23:56]} 61. exf5+ {[%clk 0:20:59]} Ke5
{[%clk 0:24:19]} 62. Kc1 {[%clk 0:20:40]} Ne4 {[%clk 0:24:15]} 63. Bd1
{[%clk 0:20:32]} Ng3 {[%clk 0:23:39]} 0-1

[Event "WCO2014"]
[Site "Tromso"]
[Date "2014.08.05"]
[Round "4.36"]
[WhiteID "9200355"]
[White "Elarbi Abobker"]
[BlackID "1103520"]
[Black "Dukaczewski Piotr"]
[Result "1-0"]
[LiveChessVersion "1.4.3"]
[BlackElo "2288"]
[WhiteElo "2283"]

1. d4 {[%clk 1:30:53]} d5 {[%clk 1:30:52]} 2. Nf3 {[%clk 1:31:06]} Nf6
{[%clk 1:31:15]} 3. g3 {[%clk 1:28:39]} c6 {[%clk 1:31:07]} 4. Bg2
{[%clk 1:22:30]} Bf5 {[%clk 1:31:25]} 5. O-O {[%clk 1:22:37]} e6 {[%clk 1:31:23]}
6. c3 {[%clk 1:21:04]} h6 {[%clk 1:31:23]} 7. Bf4 {[%clk 1:20:17]} Be7
{[%clk 1:31:24]} 8. Qb3 {[%clk 1:19:39]} Qb6 {[%clk 1:31:04]} 9. Nbd2
{[%clk 1:18:55]} O-O {[%clk 1:29:00]} 10. Bxb8 {[%clk 1:13:11]} Raxb8
{[%clk 1:27:32]} 11. Rac1 {[%clk 1:10:01]} Qxb3 {[%clk 1:22:17]} 12. Nxb3
{[%clk 1:08:58]} Nd7 {[%clk 1:19:10]} 13. Nfd2 {[%clk 1:05:37]} c5
{[%clk 1:13:56]} 14. dxc5 {[%clk 1:04:50]} Nxc5 {[%clk 1:13:47]} 15. Nxc5
{[%clk 1:04:49]} Bxc5 {[%clk 1:14:12]} 16. e4 {[%clk 1:05:04]} dxe4
{[%clk 1:12:43]} 17. Nxe4 {[%clk 1:03:25]} Be7 {[%clk 1:12:36]} 18. Rfd1
{[%clk 1:01:46]} Rfd8 {[%clk 1:12:46]} 19. Kf1 {[%clk 1:01:51]} Bg4
{[%clk 1:07:44]} 20. f3 {[%clk 0:54:08]} Bh5 {[%clk 1:07:51]} 21. Nf2
{[%clk 0:50:25]} Kf8 {[%clk 1:02:34]} 22. Ke2 {[%clk 0:48:56]} f5
{[%clk 1:00:12]} 23. Rxd8+ {[%clk 0:46:14]} Rxd8 {[%clk 0:53:16]} 24. Rd1
{[%clk 0:46:06]} Rxd1 {[%clk 0:52:02]} 25. Kxd1 {[%clk 0:45:54]} g5
{[%clk 0:51:23]} 26. g4 {[%clk 0:40:59]} Be8 {[%clk 0:50:49]} 27. Nd3
{[%clk 0:35:47]} Bd6 {[%clk 0:49:23]} 28. h3 {[%clk 0:35:22]} Bc6
{[%clk 0:46:33]} 29. Ke2 {[%clk 0:33:59]} Kg7 {[%clk 0:44:50]} 30. Bf1
{[%clk 0:34:07]} Kg6 {[%clk 0:43:56]} 31. Ke3 {[%clk 0:32:29]} Kf6
{[%clk 0:38:51]} 32. c4 {[%clk 0:31:14]} a5 {[%clk 0:33:51]} 33. b3
{[%clk 0:29:12]} Bh2 {[%clk 0:27:14]} 34. Be2 {[%clk 0:25:28]} Bg1+
{[%clk 0:27:15]} 35. Kd2 {[%clk 0:25:41]} e5 {[%clk 0:25:29]} 36. Ne1
{[%clk 0:18:18]} e4 {[%clk 0:24:35]} 37. fxe4 {[%clk 0:15:23]} fxe4
{[%clk 0:24:29]} 38. Ng2 {[%clk 0:11:18]} Ke5 {[%clk 0:19:29]} 39. Ne3
{[%clk 0:10:00]} Kf4 {[%clk 0:18:19]} 40. Nf5 {[%clk 0:09:54]} e3+
{[%clk 0:18:12]} 41. Kd1 {[%clk 0:09:59]} h5 {[%clk 0:13:27]} 42. Nd4
{[%clk 0:09:46]} hxg4 {[%clk 0:11:40]} 43. Bxg4 {[%clk 0:06:31]} Be4
{[%clk 0:08:31]} 44. Ne2+ {[%clk 0:06:30]} Ke5 {[%clk 0:08:14]} 45. Nxg1
{[%clk 0:06:48]} Bb1 {[%clk 0:08:23]} 46. Kc1 {[%clk 0:05:07]} Bd3
{[%clk 0:05:48]} 47. Ne2 {[%clk 0:04:26]} a4 {[%clk 0:05:45]} 48. Kb2
{[%clk 0:03:28]} axb3 {[%clk 0:05:59]} 49. axb3 {[%clk 0:03:31]} b5
{[%clk 0:06:13]} 50. Kc3 {[%clk 0:02:29]} bxc4 {[%clk 0:06:32]} 51. bxc4
{[%clk 0:02:54]} Be4 {[%clk 0:06:30]} 52. c5 {[%clk 0:28:54]} Kd5
{[%clk 0:36:09]} 53. Kb4 {[%clk 0:28:03]} Kc6 {[%clk 0:34:24]} 54. Kc4
{[%clk 0:28:27]} Bd5+ {[%clk 0:34:36]} 55. Kd4 {[%clk 0:28:52]} Bg2
{[%clk 0:34:53]} 56. Ng3 {[%clk 0:27:49]} Kb5 {[%clk 0:30:27]} 57. Bd7+
{[%clk 0:27:04]} Ka6 {[%clk 0:30:39]} 58. Kxe3 {[%clk 0:27:28]} Kb7
{[%clk 0:31:01]} 59. Bf5 {[%clk 0:27:38]} Kc7 {[%clk 0:31:11]} 60. Kd4
{[%clk 0:27:20]} Bf3 {[%clk 0:31:28]} 61. Ne4 {[%clk 0:26:56]} 1-0